| 000 | 00442nam a2200181Ia 4500 | ||
|---|---|---|---|
| 005 | 20240921120836.0 | ||
| 008 | 240921s9999||||xx |||||||||||||| ||und|| | ||
| 041 | _aENGLISH | ||
| 082 | _A005.43 M6 | ||
| 100 | _aPrata,Stephen | ||
| 245 | 0 | _aAdvanced UNIX- A Programmers Guide | |
| 250 | _a1st | ||
| 260 |
_c1986 _bBPB,New Delhi |
||
| 500 | _aUNIX | ||
| 650 |
_aOperating System _bComputer Applications |
||
| 942 | _cBK | ||
| 999 |
_c247662 _d247662 |
||